[Event "VIE-ch U13"]
[Site "Ho Chi Minh City"]
[Date "2022.07.14"]
[Round "6"]
[White "Pham, Tran Hoang Gia"]
[Black "Do, Quang Minh1"]
[Result "1-0"]
[WhiteElo "2311"]
[BlackElo "2320"]
[PlyCount "145"]
[EventDate "2022.07.11"]
[EventType "swiss"]
[EventRounds "9"]
[EventCountry "VIE"]
[SourceTitle "EXT 2023"]
[Source "ChessBase"]
[SourceDate "2022.10.05"]
[SourceVersion "1"]
[SourceVersionDate "2022.10.05"]
[SourceQuality "1"]

1. d4 d5 2. c4 Nf6 3. Nc3 g6 4. cxd5 Nxd5 5. Bd2 Bg7 6. Nf3 0-0 7. e3 b6 8. Bc4 Bb7 9. 0-0 e6 10. Rc1 Nxc3 11. Bxc3 Nd7 12. Qe2 c5 13. Rfd1 Qe7 14. Bb5 cxd4 15. Bxd4 Bxd4 16. Rc7 Bxf3 17. Qxf3 Ne5 18. Rxe7 Nxf3+ 19. gxf3 Bxb2 20. Ba6 Bf6 21. Rc7 Rfd8 22. Rxd8+ Rxd8 23. Rxa7 Rd2 24. Bb5 Bh4 25. Be8 Bxf2+ 26. Kh1 f5 27. Bf7+ Kg7 28. Bxe6+ Kf6 29. Bb3 h6 30. f4 g5 31. Rf7+ Kg6 32. e4 fxe4 33. f5+ Kh5 34. Re7 Rd8 35. Rxe4 g4 36. f6 Rf8 37. f7 Bc5 38. Kg2 Kh4 39. h3 h5 40. hxg4 hxg4 41. a4 Rh8 42. Be6 Kg5 43. Rxg4+ Kf6 44. Bb3 Rf8 45. Kf3 Ke5 46. Ke2 Rd8 47. Rg8 Bf8 48. Rg5+ Kd4 49. Rg3 Kc5 50. Re3 Kb4 51. Ba2 Bc5 52. Re8 Rd7 53. Re4+ Ka3 54. Be6 Rc7 55. Kd3 Bf8 56. Bd5 Rd7 57. Re8 Bb4 58. Ke4 Rc7 59. Rb8 Kxa4 60. Rxb6 Bc5 61. Rb8 Bd6 62. f8Q Bxf8 63. Rxf8 Rh7 64. Rb8 Rh4+ 65. Ke5 Rb4 66. Ra8+ Kb5 67. Kd6 Rg4 68. Rb8+ Ka4 69. Kc5 Ka3 70. Rb3+ Ka4 71. Rb2 Rg3 72. Ra2+ Ra3 73. Bc6+ 1-0